Space debris : a growing problem /

Bibliographic Details
Main Author: Smith, Marcia S.
Corporate Author: Library of Congress. Congressional Research Service
Format: Microform Book
Language:English
Published: [Washington, D.C.] : Congressional Research Service, Library of Congress, [1991]
Series:Major studies and issue briefs of the Congressional Research Service. Supplement ; 1991, reel 3, fr. 0449.
Subjects:

MARC

Tag First Indicator Second Indicator Subfields
LEADER 00000cam a2200000 a 4500
001 in00001292482
005 20151004090920.0
007 hd afa014baca
008 920331s1991 dcu ab f000 0 eng d
035 |a (OCoLC)25562759 
035 |9 AGZ5795AM 
040 |a UPA  |c UPA  |d UtOrBLW 
049 |a TXAI 
090 |a JK1108  |b .M35 Suppl. 1991 reel 3 
099 |a Film   |a  S   |a  1717 1991, reel 3, fr. 0449. 
100 1 |a Smith, Marcia S. 
245 1 0 |a Space debris :  |b a growing problem /  |c Marcia S. Smith. 
264 1 |a [Washington, D.C.] :  |b Congressional Research Service, Library of Congress,  |c [1991] 
300 |a 6 pages ;  |c 28 cm. 
336 |a text  |b txt  |2 rdacontent 
337 |a microform  |b h  |2 rdamedia 
338 |a microfilm reel  |b hd  |2 rdacarrier 
500 |a Cover title. 
500 |a At head of title: CRS report for Congress. 
500 |a "February 5, 1991." 
504 |a Includes bibliographical references (page 6). 
500 |a "91-138 SPR." 
533 |a Microfilm.  |b Arlington, Va. :  |c University Publications of America,  |d 1992.  |e on 1 microfilm reel ; 35 mm. Low reduction.  |f (Major studies and issue briefs of the Congressional Research Service. 1991-1992 supplement ; reel 3, fr. 0449). 
500 |a Microform. 
650 0 |a Space debris. 
710 2 |a Library of Congress.  |b Congressional Research Service. 
830 0 |a Major studies and issue briefs of the Congressional Research Service.  |p Supplement ;  |v 1991, reel 3, fr. 0449. 
999 |a MARS 
999 f f |s 65a7251f-c4a8-340b-a8ca-be320ee11463  |i 6f11f2d5-6734-31c7-ab20-41a52699dc39  |t 0 
952 f f |p default  |a Texas A&M University  |b College Station  |c Sterling C. Evans Library  |d Evans: Microforms (3rd floor)  |t 0  |e Film S 1707 1991, reel 3 fr. 0449  |h Other scheme  |i microform -- microfilm reel 
998 f f |a Film S 1707 1991, reel 3 fr. 0449  |t 0  |l Evans: Microforms (3rd floor)